Možnosti podstatného rastu

Rozhovor s generálnym riaditeľom spoločnosti Nationale-Nederlanden. Spoločnosť Nationale-Nederlanden vstúpila na poistný trh v r.1996. Pôsobenie poisťovne v oblasti životného poistenia. Hodnotenie kvality legislatívnych podmienok pôsobenia poisťovní na Slovensku.

Gespeichert in:
Bibliographische Detailangaben
1. Verfasser: Teer, E.
Weitere Verfasser: Novosád, František
Format: Buchkapitel
Sprache:Slowakisch
Schlagworte:
Tags: Tag hinzufügen
Keine Tags, Fügen Sie das erste Tag hinzu!

MARC

LEADER 00000naa a2200000 4500
001 r027114
005 20230606082715.5
041 0 |a slo 
044 |a SK 
245 1 0 |a Možnosti podstatného rastu  |c E. Teer, F. Novosád 
520 |a Rozhovor s generálnym riaditeľom spoločnosti Nationale-Nederlanden. Spoločnosť Nationale-Nederlanden vstúpila na poistný trh v r.1996. Pôsobenie poisťovne v oblasti životného poistenia. Hodnotenie kvality legislatívnych podmienok pôsobenia poisťovní na Slovensku. 
610 2 0 |a Nationale Nederlanden, a.s. Bratislava 
610 2 0 |a poisťovne 
610 2 0 |a trh poistný 
610 2 0 |a Slovensko 
610 2 0 |a poistenie životné 
100 1 |a Teer, E. 
700 1 |a Novosád, František